Computer networks and internets,with internet applications (Record no. 585516)

000 -LEADER
fixed length control field 00517nam a22001937a 4500
003 - CONTROL NUMBER IDENTIFIER
control field CEME
005 - DATE AND TIME OF LATEST TRANSACTION
control field 20210628210712.0
008 - FIXED-LENGTH DATA ELEMENTS--GENERAL INFORMATION
fixed length control field 210201b xxu||||| |||| 00| 0 eng d
020 ## - INTERNATIONAL STANDARD BOOK NUMBER
International Standard Book Number 81-297-0330-0
040 ## - CATALOGING SOURCE
Transcribing agency .
082 ## - DEWEY DECIMAL CLASSIFICATION NUMBER
Classification number 004.66 COM
100 ## - MAIN ENTRY--PERSONAL NAME
Personal name Comer, Douglas E
9 (RLIN) 63209
245 ## - TITLE STATEMENT
Title Computer networks and internets,with internet applications
250 ## - EDITION STATEMENT
Edition statement 4TH
260 ## - PUBLICATION, DISTRIBUTION, ETC.
Place of publication, distribution, etc. INDIA
Name of publisher, distributor, etc. PEARSON EDUCATION
Date of publication, distribution, etc. 2004
300 ## - PHYSICAL DESCRIPTION
Extent XXV,719P
650 ## - SUBJECT ADDED ENTRY--TOPICAL TERM
Topical term or geographic name entry element COMPUTER NETWORKS AND INTERNETS
9 (RLIN) 69622
942 ## - ADDED ENTRY ELEMENTS (KOHA)
Koha item type Book
Source of classification or shelving scheme
Holdings
Withdrawn status Lost status Damaged status Not for loan Permanent Location Current Location Shelving location Date acquired Total Checkouts Full call number Barcode Date last seen Price effective from Koha item type
        College of Electrical & Mechanical Engineering (CEME) College of Electrical & Mechanical Engineering (CEME) General Stacks 03/09/2017   004.66 COM CEME-39740 06/28/2021 06/28/2021 Book
        College of Electrical & Mechanical Engineering (CEME) College of Electrical & Mechanical Engineering (CEME) General Stacks 03/09/2017   004.66 COM CEME-39741 06/28/2021 06/28/2021 Book
© 2023 Central Library, National University of Sciences and Technology. All Rights Reserved.